| 000 | 00630nam a2200193 i 4500 | ||
|---|---|---|---|
| 001 | 49273 | ||
| 003 | ES-MaACL | ||
| 005 | 20230906161921.0 | ||
| 007 | t| | ||
| 008 | 030711s1973 sp ||||1| spa d | ||
| 100 | 1 |
_aCortés, Félix M. _940848 |
|
| 245 | 1 | 0 |
_aEnfermedades del pericardio / _cdirección de Félix M. Cortés ; con una introducción por Thomas M. Durant ; versión A. Jornet Cases. |
| 250 | _a[1ª ed.]. | ||
| 260 |
_aBarcelona : _bToray, _c1973. |
||
| 300 |
_aXVI, 271 p. : _bil. ; _c24 cm. |
||
| 700 | 1 |
_aDurant, Thomas M. _946271 |
|
| 700 | 1 |
_aJornet Cases, A. _966960 |
|
| 852 |
_aES-MaACL _jC-51290 _bR.85302 |
||
| 999 |
_c49273 _d49273 |
||